00446pab a2200145 454500008004000000100001800040245011400058260000900172300001400181650002000195650001900215650001800234700002200252773002600274180718b2005 xxu||||| |||| 00| 0 eng d aSmith, Graham aThe theory and practice of group representation: reflections on the governance of race equality in Birmingham c2005 ap.323-43. aDecision making aSocial justice aEthnic groups aStephenson, Susan aPublic Administration